LEADER 00955naa a2200217 u 4500 001 000000093979 003 CaOOAMICUS 005 20070226130136.0 008 010723m19851988fr u000 u eng u 035 $a10898216 040 $aPUL(R)$bita 100 1 $aUmbricht, Victor H.,$d1915-$0(OLS)http://pul/name/60438 245 10$aPrinciples of international mediation :$bthe case of the East African Community /$cby Victor Umbricht. 260 $a[S. l. :$bs. n.],$c1985-1988. 300 $aP. [307-389] 504 $aBibliografia in nota. 650 4$aDiritto commerciale internazionale.$0(OLS)http://pul/subject/25158 773 0 $tRecueil des cours$gv.IV (1984) 773 0 $tRecueil des cours 1984 : collected courses of The Hague Academy of International Law$w()60437 996 $6245$aPrinciples of international mediation :$bthe case of the East African Community$9(OLS)http://pul/title/120836 996 $6260$a[S. l. :$bs. n.]$9(OLS)http://pul/publisher/47882 LEADER 01333nam a2200289 i 4500 001 000000106473 003 CaOOAMICUS 005 20070827100912.0 008 070827s1996 gw a 000 u ger c 020 $a3-11-014892-7 040 $aPUG$bita$dPUL$dLDB 245 00$aIndividuum und Individualität im Mittelalter /$chrsg. von Jan A. Aertsen und Andreas Speer ; f??r den Druck besorgt von Andreas Speer. 260 $aBerlin ;$aNew York :$bDe Gruyter,$c1996. 300 $axxiii, 878 p. :$bill. ;$c25 cm 490 1 $aMiscellanea mediaevalia ;$v024 650 14$aPersona (filosofia).$0(OLS)http://pul/subject/2012 650 14$aFilosofia medievale.$0(OLS)http://pul/subject/139 700 1 $aSpeer, Andreas,$c1957-$0(OLS)http://pul/name/6518 700 1 $aAertsen, Jan A.$0(OLS)http://pul/name/26621 830 0$aMiscellanea mediaevalia ;$v024.$0(OLS)http://pul/title/407 850 $aPUL 852 $aPUL$W1$xSL Filosofia 1$y2$m105(1) F 24$j120191$qStampati$B119603$CPULBib$Z2$F119603 $H74541 $82 941 1 $a8 960 $aFilosofia medioevale$9139 996 $6020$a3-11-014892-7$9(OLS)http://pul/number/135292 996 $6245$aIndividuum und Individualität im Mittelalter$9(OLS)http://pul/title/134086 996 $6260$aBerlin ;$aNew York :$bDe Gruyter$9(OLS)http://pul/publisher/60281